000 00247nam a2200109Ia 4500
008 190216s9999||||xx |||||||||||||| ||und||
100 _aKammisseri
245 0 _aKure Sambava Kathakal
260 _bCurrent Books
650 _aKathakal
942 _cBK
999 _c24448
_d24448